000 00716nam a22002057a 4500
005 2010082003583.0
010 _aENG-101067
020 _a9788190711531
_c54.00
035 _aEN-84600
037 _bDBAD/PUB
082 _a583.79
100 _aJayendran, M.
_916714
245 _aBalsams in Nilgiris /
_cby M. Jayendran
260 _aValparai
_bAnnamalaiyar Educational Publication
_c2007
270 _a8/305, Thulasinga Nagar
_bValparai
_e643002
300 _a76p.
_c20cm (pbk)
_eb&w photos
650 _aBalsams
_916715
942 _2ddc
_cEN
_h583.79
_mJAY
999 _c42731
_d42731